<?xml version="1.0" encoding="UTF-8"?>
<record
    xmlns:xsi="http://www.w3.org/2001/XMLSchema-instance"
    xsi:schemaLocation="http://www.loc.gov/MARC21/slim http://www.loc.gov/standards/marcxml/schema/MARC21slim.xsd"
    xmlns="http://www.loc.gov/MARC21/slim">

  <leader>01537nam a22002537i 4500</leader>
  <controlfield tag="003">OSt</controlfield>
  <controlfield tag="005">20251209161544.0</controlfield>
  <controlfield tag="008">251209q2024    io|o||||r|||| 001 0 eng d</controlfield>
  <datafield tag="020" ind1=" " ind2=" ">
    <subfield code="a">9780998077437</subfield>
  </datafield>
  <datafield tag="040" ind1=" " ind2=" ">
    <subfield code="b">spa</subfield>
    <subfield code="c">LADOV</subfield>
  </datafield>
  <datafield tag="041" ind1=" " ind2=" ">
    <subfield code="a">eng</subfield>
  </datafield>
  <datafield tag="082" ind1="0" ind2="4">
    <subfield code="a">707</subfield>
    <subfield code="b">K96t</subfield>
  </datafield>
  <datafield tag="110" ind1="1" ind2=" ">
    <subfield code="a">Indonesia. </subfield>
    <subfield code="b">KUNCI Study Forum and Collective</subfield>
    <subfield code="e">editores</subfield>
  </datafield>
  <datafield tag="245" ind1="1" ind2="0">
    <subfield code="a">Tools for radical study : </subfield>
    <subfield code="b">a collection of manuals / </subfield>
    <subfield code="c">KUNCI Study Forum and Collective.</subfield>
  </datafield>
  <datafield tag="260" ind1=" " ind2=" ">
    <subfield code="a">Indonesia : </subfield>
    <subfield code="b">MARCH, </subfield>
    <subfield code="c">[2024?].</subfield>
  </datafield>
  <datafield tag="300" ind1=" " ind2=" ">
    <subfield code="a">173 p&#xE1;ginas : </subfield>
    <subfield code="b">fotograf&#xED;as, </subfield>
    <subfield code="c">28 cm</subfield>
  </datafield>
  <datafield tag="520" ind1="3" ind2=" ">
    <subfield code="a">
&#xBF;Por qu&#xE9; las herramientas se convierten en el centro de conversaci&#xF3;n? Los lectores de Herramientas para el Estudio Radical se preguntar&#xE1;n. Al menos para quienes vivimos en medio de la proliferaci&#xF3;n de pr&#xE1;cticas colectivas en el Sur Global, esto es particularmente significativo. Hablar y compartir herramientas significa hablar y llevar a cabo la redistribuci&#xF3;n del poder, un poder que probablemente se deriva del proceso de acumulaci&#xF3;n de conocimiento. Hablar de herramientas tambi&#xE9;n significa hablar de cosas que uno encuentra en lugares como cocinas p&#xFA;blicas, salones de reuniones de pueblos, mataderos y huertos residenciales, lugares donde la teor&#xED;a y sus m&#xE9;todos rara vez se encuentran, ya sea en la pr&#xE1;ctica o en la conversaci&#xF3;n cotidiana.</subfield>
  </datafield>
  <datafield tag="650" ind1="0" ind2="4">
    <subfield code="a">Arte</subfield>
    <subfield code="v">investigaci&#xF3;n</subfield>
  </datafield>
  <datafield tag="650" ind1="0" ind2="4">
    <subfield code="a">Arte</subfield>
    <subfield code="v">educaci&#xF3;n</subfield>
  </datafield>
  <datafield tag="650" ind1="0" ind2="4">
    <subfield code="a">Arte</subfield>
    <subfield code="v">cr&#xED;tica</subfield>
  </datafield>
  <datafield tag="650" ind1="0" ind2="4">
    <subfield code="a">Conciencia social</subfield>
  </datafield>
  <datafield tag="710" ind1=" " ind2=" ">
    <subfield code="e">editores</subfield>
  </datafield>
  <datafield tag="942" ind1=" " ind2=" ">
    <subfield code="2">ddc</subfield>
    <subfield code="c">1</subfield>
    <subfield code="h">707</subfield>
    <subfield code="i">K96t</subfield>
    <subfield code="n">0</subfield>
  </datafield>
  <datafield tag="999" ind1=" " ind2=" ">
    <subfield code="c">4586</subfield>
    <subfield code="d">4586</subfield>
  </datafield>
  <datafield tag="952" ind1=" " ind2=" ">
    <subfield code="0">0</subfield>
    <subfield code="1">0</subfield>
    <subfield code="2">ddc</subfield>
    <subfield code="4">0</subfield>
    <subfield code="7">0</subfield>
    <subfield code="8">Libros</subfield>
    <subfield code="a">LV</subfield>
    <subfield code="b">LV</subfield>
    <subfield code="d">2025-12-09</subfield>
    <subfield code="l">0</subfield>
    <subfield code="o">707 K96t</subfield>
    <subfield code="p">005261</subfield>
    <subfield code="r">2025-12-09 00:00:00</subfield>
    <subfield code="w">2025-12-09</subfield>
    <subfield code="y">1</subfield>
  </datafield>
</record>
